00610nam a2200193Ia 4500008004100000020001500041082001700056100002100073245003700094250000800131260004100139300003000180500001900210600003300229650001600262942000700278952011600285999001500401240925s9999 xx 000 0 und d a047133328x a510.2462 KRE aKreyszing, Erwin 0aAdvanced Engineering Mathematics a8th aNew York:bJohn Wiley & Sonsc,2000. axviii,325p.bNAfOriginal aIncludes Index aHumanities & Natural Science aMathematics cBK 001040708ETaUITUbUITUd2001-04-08eNAg175.00l0o510.2462 KREpQ3460r2024-09-25 07:13:09w2024-09-25yBK c5959d5959